[Event "Mechanics' Fall TNM; 30/90, SD/30"]
[Site "San Francisco"]
[Date "2011.10.25"]
[Round "2.3"]
[White "Manvelyan, Hayk"]
[Black "de Lenea, Digne"]
[Result "1-0"]
[WhiteElo "2202"]
[BlackElo "1900"]
[PlyCount "87"]
[EventDate "2011.??.??"]

1. d4 Nf6 2. c4 c5 3. d5 b5 4. cxb5 a6 5. bxa6 g6 6. Nc3 Bxa6 7. Nf3 Bg7 8. g3
O-O 9. Bg2 d6 10. O-O Nbd7 11. Re1 Nb6 12. e4 Qc7 13. Qc2 Rfb8 14. b3 c4 15. b4
Nbd7 16. Rb1 Ng4 17. Bf4 Bc8 18. h3 Nge5 19. Nxe5 Nxe5 20. Bxe5 Bxe5 21. Rec1
Ra3 22. Nd1 c3 23. Rb3 Rba8 24. Nxc3 Bd7 25. Rxa3 Rxa3 26. Nb1 Qxc2 27. Rxc2
Ra7 28. Bf1 f5 29. Nd2 fxe4 30. b5 e6 31. Bc4 Bxb5 32. Bxb5 exd5 33. Bc6 Kg7
34. Bxd5 e3 35. fxe3 Bxg3 36. e4 Bf4 37. Nc4 Ra4 38. Kg2 g5 39. Kf3 Kg6 40. a3
Ra7 41. Rb2 h5 42. Rb8 Bh2 43. Ra8 Rg7 44. Rg8 1-0

[Event "Mechanics' Fall TNM; 30/90, SD/30"]
[Site "San Francisco"]
[Date "2011.11.15"]
[Round "5.7"]
[White "Manvelyan, Hovik"]
[Black "Anderson, Michael"]
[Result "1-0"]
[WhiteElo "2056"]
[BlackElo "1900"]
[PlyCount "93"]
[EventDate "2011.??.??"]

1. e4 c5 2. Nc3 Nc6 3. d3 d6 4. g3 g6 5. Bg2 Bg7 6. f4 Nh6 7. Nf3 f5 8. O-O O-O
9. h3 Nf7 10. Be3 Nd4 11. Rb1 Bd7 12. Ne2 Nxf3+ 13. Rxf3 fxe4 14. dxe4 Bc6 15.
Rf1 Qa5 16. a3 Rad8 17. Bd2 Qc7 18. Bc3 e5 19. Qd2 b6 20. Rbd1 Qb7 21. Qe3 d5
22. exd5 Bxd5 23. Rxd5 Rxd5 24. fxe5 Nd8 25. Rxf8+ Bxf8 26. Bxd5+ Qxd5 27. Kh2
Qd1 28. e6 Nc6 29. Qf3 Nd8 30. Qe4 Qd6 31. Nf4 Be7 32. Nxg6 Nxe6 33. Nxe7+ Qxe7
34. Qe5 Kf7 35. h4 Nd4 36. Bxd4 cxd4 37. Qxe7+ Kxe7 38. g4 Ke6 39. Kg3 Ke5 40.
Kf3 a5 41. a4 Kd5 42. g5 Ke5 43. h5 Kf5 44. g6 Kf6 45. gxh7 Kg7 46. h8=Q+ Kxh8
47. Ke4 1-0

[Event "Mechanics' Fall TNM; 30/90, SD/30"]
[Site "San Francisco"]
[Date "2011.12.06"]
[Round "8.8"]
[White "Manvelyan, Hovik"]
[Black "Keiper, Ryan"]
[Result "1-0"]
[WhiteElo "2056"]
[BlackElo "1520"]
[PlyCount "73"]
[EventDate "2011.??.??"]

1. e4 c6 2. d4 d5 3. f3 e6 4. Be3 dxe4 5. Nd2 exf3 6. Ngxf3 Nf6 7. Bd3 Nbd7 8.
O-O Nd5 9. Qe2 Nxe3 10. Qxe3 Bd6 11. Ne4 Nf6 12. Nxf6+ gxf6 13. Qh6 Bf8 14. Qh5
Qd5 15. Qh4 Bg7 16. c4 Qd8 17. Qh5 f5 18. d5 cxd5 19. Ng5 Qf6 20. cxd5 Qg6 21.
Bb5+ Bd7 22. Bxd7+ Kxd7 23. dxe6+ fxe6 24. Rad1+ Ke7 25. Qh4 a5 26. Rfe1 e5 27.
Nf3+ Bf6 28. Nxe5 Bxh4 29. Nxg6+ Kf6 30. Nxh4 Rad8 31. Kf2 Rhe8 32. g3 Kg5 33.
Nf3+ Kf6 34. Rxe8 Rxe8 35. Rd7 Re7 36. Rxe7 Kxe7 37. Ke3 1-0

[Event "Mechanics' Fall TNM; 30/90, SD/30"]
[Site "San Francisco"]
[Date "2011.11.01"]
[Round "3.3"]
[White "Manvelyan, Hovik"]
[Black "Manvelyan, Hayk"]
[Result "1/2-1/2"]
[WhiteElo "2056"]
[BlackElo "2202"]
[PlyCount "75"]
[EventDate "2011.??.??"]

1. Nf3 Nf6 2. c4 g6 3. Nc3 Bg7 4. d4 O-O 5. e4 d6 6. Be2 Bg4 7. h3 Bxf3 8. Bxf3
c6 9. O-O Nbd7 10. Be3 Qc7 11. Rc1 e5 12. d5 Rfd8 13. Qd2 Nf8 14. b4 c5 15. Nb5
Qc8 16. bxc5 dxc5 17. Rfd1 a6 18. Nc3 b6 19. Rb1 Rb8 20. Rb2 Ne6 21. Rdb1 Nd4
22. Bd1 Qc7 23. f3 Ne8 24. Na4 b5 25. cxb5 axb5 26. Bxd4 exd4 27. Rxb5 c4 28.
Rxb8 Rxb8 29. Rxb8 Qxb8 30. Qb2 Qg3 31. Qf2 Qf4 32. Nb2 Nd6 33. g3 Qc1 34. Qc2
Qxc2 35. Bxc2 d3 36. Nxd3 cxd3 37. Bxd3 Bc3 38. Kf2 1/2-1/2

[Event "Mechanics' Fall TNM; 30/90, SD/30"]
[Site "San Francisco"]
[Date "2011.10.18"]
[Round "1.9"]
[White "Manvelyan, Hovik"]
[Black "Poling, Scott"]
[Result "1-0"]
[WhiteElo "2056"]
[BlackElo "1632"]
[PlyCount "31"]
[EventDate "2011.??.??"]

1. d4 e6 2. e4 d5 3. Nc3 Nf6 4. e5 Nfd7 5. Nf3 c5 6. Be3 Nc6 7. dxc5 Ndxe5 8.
Nxe5 Nxe5 9. Bb5+ Bd7 10. O-O Qa5 11. Bxd7+ Nxd7 12. Re1 O-O-O 13. a3 Qc7 14.
b4 b6 15. Nb5 Qb8 16. c6 1-0

[Event "Mechanics' Fall TNM; 30/90, SD/30"]
[Site "San Francisco"]
[Date "2011.11.01"]
[Round "3.26"]
[White "Mar, Henry"]
[Black "Campers, Willie"]
[Result "0-1"]
[WhiteElo "1527"]
[BlackElo "1748"]
[PlyCount "94"]
[EventDate "2011.??.??"]

1. e4 e6 2. d3 d5 3. Nd2 Be7 4. Ngf3 c5 5. g3 Nc6 6. Bg2 Nf6 7. O-O O-O 8. Re1
Qb6 9. c3 (9. e5 $1) 9... Rd8 10. Qe2 Re8 11. Nf1 a5 12. h4 h6 13. e5 Nd7 14.
N1h2 Qc7 15. Bf4 b5 16. Ng4 Ba6 17. Qd2 h5 18. Nf6+ Nxf6 19. exf6 Bd6 20. Bxd6
Qxd6 21. fxg7 Kxg7 22. Qg5+ Kf8 23. Qh6+ Ke7 24. Qg5+ Kd7 25. Qxh5 Re7 26. Bh3
Rg8 27. Ne5+ Nxe5 28. Rxe5 Kc7 29. d4 c4 30. b4 axb4 31. Qf3 bxc3 32. Qxc3 b4
33. Qc2 Bb5 34. Rc1 Qb6 35. Qd1 Kd8 36. Qd2 c3 37. Qe3 Qa5 38. Bg2 Bc4 39. h5
Qxa2 40. h6 Qd2 41. Ra1 Rc7 42. Qf3 Ke7 43. Qh5 Rh8 44. h7 Qd3 45. Qg5+ Kd7 46.
Qf6 Qxh7 47. Ra5 Qh2# 0-1

[Event "Mechanics' Fall TNM; 30/90, SD/30"]
[Site "San Francisco"]
[Date "2011.11.29"]
[Round "7.24"]
[White "Mar, Henry"]
[Black "Hilliard, Michael"]
[Result "0-1"]
[WhiteElo "1527"]
[BlackElo "1428"]
[PlyCount "106"]
[EventDate "2011.??.??"]

1. e4 c6 2. Nf3 d5 3. d3 Nd7 4. Nbd2 Ngf6 5. g3 e6 6. Bg2 Qb6 7. O-O Bc5 8. Nb3
d4 9. Nxc5 Qxc5 10. a3 e5 11. Nh4 O-O 12. b4 Qb6 13. Nf5 Qc7 14. Bg5 Re8 15. h4
a6 16. h5 c5 17. Bd2 b5 18. g4 c4 19. g5 g6 20. Nh6+ Kg7 21. gxf6+ Nxf6 22.
hxg6 fxg6 23. Bg5 Qd7 24. f4 Ng8 25. f5 Nxh6 26. f6+ Kf7 27. Bxh6 c3 28. Qf3
Rb8 29. Kf2 Rb6 30. Bg5 Rh8 31. Ke2 h6 32. Rh1 h5 33. Bh3 Qd8 34. Bxc8 Qxc8 35.
Qh3 Re6 36. Raf1 Qa8 37. Rf2 a5 38. Rb1 axb4 39. axb4 Qa2 40. Rc1 Qb2 41. Qf1
Qxb4 42. Rb1 Qa4 43. Qc1 Ra8 44. Rf1 Rea6 45. Bh4 b4 46. Qh6 Qxc2+ 47. Kf3
Qxd3+ 48. Kg2 Qxe4+ 49. Kg1 Qg4+ 50. Kh1 Qxh4+ 51. Kg1 Qg3+ 52. Kh1 Qh3+ 53.
Kg1 Qe3+ 0-1

[Event "Mechanics' Fall TNM; 30/90, SD/30"]
[Site "San Francisco"]
[Date "2011.10.18"]
[Round "1.21"]
[White "Mar, Henry"]
[Black "Salvo, Tab"]
[Result "0-1"]
[WhiteElo "1527"]
[BlackElo "1716"]
[PlyCount "91"]
[EventDate "2011.??.??"]

1. e4 c5 2. Nf3 d6 3. g3 a6 4. Bg2 Nc6 5. d3 g6 6. O-O Bg7 7. Re1 Nf6 8. Nbd2
O-O 9. Nf1 e5 10. Bg5 h6 11. Bd2 Be6 12. c3 Qd7 13. Qc1 Kh7 14. Ne3 Bh3 15. Bh1
b5 16. Nd5 Nxd5 17. exd5 Ne7 18. c4 f5 19. Nh4 f4 20. Nf3 Qg4 21. Qd1 fxg3 22.
hxg3 Rf6 23. Re4 Qd7 24. Qe2 Bf5 25. Rh4 Raf8 26. Ng5+ Kg8 27. Ne6 Bxe6 28.
dxe6 Qxe6 29. Bd5 Nxd5 30. cxd5 Qxd5 31. Be3 Rf3 32. Rf1 g5 33. Rh2 Qxa2 34.
Qc2 Qe6 35. d4 exd4 36. Bxg5 d3 37. Qd2 hxg5 38. Qxg5 Qf5 39. Rh5 Qxg5 40. Rxg5
R8f5 41. Rg4 Kf7 42. Re4 Bxb2 43. Kg2 Bd4 44. Rf4 R5xf4 45. gxf4 Rxf4 46. f3 {
remainder illegible} 0-1

[Event "Mechanics' Fall TNM; 30/90, SD/30"]
[Site "San Francisco"]
[Date "2011.11.01"]
[Round "3.24"]
[White "Marshall, Johnathan"]
[Black "Brown, Nicholas"]
[Result "1-0"]
[WhiteElo "1589"]
[BlackElo "1444"]
[PlyCount "91"]
[EventDate "2011.??.??"]

1. e4 c6 2. d4 d5 3. Bd3 dxe4 4. Bxe4 Nf6 5. Bf3 Bf5 6. Ne2 e6 7. O-O Bd6 8. c3
O-O 9. Bf4 Bxf4 10. Nxf4 Qc7 11. Ne2 Nbd7 12. Ng3 Bg6 13. Nd2 Nd5 14. Be4 Ne7
15. Re1 e5 16. dxe5 Nxe5 17. Qe2 Rad8 18. Rad1 Nd3 19. Bxd3 Bxd3 20. Qxe7 Qxe7
21. Rxe7 Bc2 22. Ree1 Bxd1 23. Rxd1 Rd7 24. Kf1 Rfd8 25. Ke1 c5 26. Nf5 Re8+
27. Ne3 f5 28. Ndc4 Rxd1+ 29. Kxd1 g6 30. a4 Rd8+ 31. Kc2 b6 32. Ne5 Kg7 33.
N3c4 Re8 34. f4 h6 35. h4 Rd8 36. Nc6 Re8 37. N4e5 a5 38. Kd3 Re6 39. Kc4 Rd6
40. Kb5 Rd2 41. Kxb6 Rxb2+ 42. Kxa5 Rc2 43. c4 Rxg2 44. Ne7 Kf6 45. N7xg6 Rb2
46. Ka6 1-0

[Event "Mechanics' Fall TNM; 30/90, SD/30"]
[Site "San Francisco"]
[Date "2011.11.29"]
[Round "7.21"]
[White "Marshall, Johnathan"]
[Black "Harris, Clarence"]
[Result "1-0"]
[WhiteElo "1589"]
[BlackElo "1336"]
[PlyCount "137"]
[EventDate "2011.??.??"]

1. b4 Nf6 2. Nf3 d6 3. e3 Nbd7 4. Bb2 e5 5. c4 b6 6. Be2 Be7 7. a3 Bb7 8. Nc3
O-O 9. d3 Rc8 10. O-O c5 11. b5 Qc7 12. e4 Rfe8 13. Rc1 Nf8 14. Re1 Ne6 15. Bf1
Nd4 16. Nxd4 cxd4 17. Ne2 Nd7 18. f4 Nc5 19. a4 Bf6 20. f5 Bg5 21. Ra1 a5 22.
g3 Be3+ 23. Kg2 Qe7 24. Bc1 Bxc1 25. Rxc1 Qg5 26. Ng1 Qxf5 27. Be2 Qf6 28. Rf1
Qe7 29. Bg4 Rc7 30. Qc2 g6 31. Bf3 Rf8 32. Rf2 f6 33. Rcf1 Qg7 34. h3 Rcf7 35.
g4 Qh6 36. Re1 Ne6 37. Ne2 Bc8 38. Rh1 Qh4 39. Kf1 Kh8 40. Ng1 Nc5 41. Ke1 Ne6
42. Kd1 Nf4 43. Bg2 Qh6 44. Qd2 g5 45. Kc2 Ne6 46. Kb3 Nc5+ 47. Ka3 Be6 48. Ne2
Qg6 49. Ng3 Qg8 50. Rhf1 Nd7 51. Rf3 Qg6 52. R1f2 h6 53. Bf1 Kh7 54. Be2 Kh8
55. Qc1 Kh7 56. Qf1 Kh8 57. Qc1 Kh7 58. Bd1 Kh8 59. Ka2 Nc5 60. Bc2 Kh7 61. Qa3
Kh8 62. Qc1 Kh7 63. Qf1 Nd7 64. Rh2 Kh8 65. Qc1 Kh7 66. Rf1 Kg8 67. Rfh1 Rh7
68. Qf1 Kh8 69. Bd1 {remainder illegible} 1-0

[Event "Mechanics' Fall TNM; 30/90, SD/30"]
[Site "San Francisco"]
[Date "2011.11.15"]
[Round "5.20"]
[White "Marshall, Johnathan"]
[Black "Salvo, Tab"]
[Result "1-0"]
[WhiteElo "1589"]
[BlackElo "1716"]
[PlyCount "89"]
[EventDate "2011.??.??"]

1. e4 c5 2. Nf3 d6 3. d4 cxd4 4. Nxd4 Nf6 5. Nc3 a6 6. Rg1 g6 7. g4 b5 8. a3
Bb7 9. Qd3 Nbd7 10. f3 Rc8 11. g5 Nc5 12. Qe3 Nfd7 13. Bd2 e5 14. Nde2 Nb6 15.
Ng3 Be7 16. h4 Qc7 17. f4 exf4 18. Qxf4 Ne6 19. Qf2 O-O 20. Bh3 Rce8 21. O-O-O
Nc4 22. Nd5 Bxd5 23. exd5 Nc5 24. Bc3 Na4 25. Qd4 Nxc3 26. Qxc3 Qb6 27. Rge1
Ne5 28. Ne4 Kg7 29. Rf1 Bd8 30. Rf4 Re7 31. Rdf1 Rc7 32. Qg3 b4 33. axb4 Qxb4
34. Kb1 Rb7 35. Qb3 Qxb3 36. cxb3 Be7 37. Ka2 Rfb8 38. Nd2 Bd8 39. Nc4 Nxc4 40.
bxc4 Rxb2+ 41. Ka1 R2b7 42. R1f2 Rb1+ 43. Ka2 Ba5 44. Rxf7+ Kh8 45. Bc8 1-0

[Event "Mechanics' Fall TNM; 30/90, SD/30"]
[Site "San Francisco"]
[Date "2011.12.13"]
[Round "9.18"]
[White "Miller, David"]
[Black "Bertot, German"]
[Result "1-0"]
[WhiteElo "1777"]
[BlackElo "1629"]
[PlyCount "57"]
[EventDate "2011.??.??"]

1. d4 d5 2. c4 c6 3. Nf3 Nf6 4. e3 Bf5 5. cxd5 cxd5 6. Nc3 e6 7. Bb5+ Nbd7 8.
Ne5 a6 9. Nxd7 Nxd7 10. Bd3 Bxd3 11. Qxd3 Nf6 12. Bd2 Bd6 13. Rc1 O-O 14. O-O
Rc8 15. Rc2 Rc6 16. Rfc1 Qc7 17. g3 Rc8 18. a3 Ne4 19. Be1 Qe7 20. Nxe4 Rxc2
21. Rxc2 Rxc2 22. Qxc2 dxe4 23. Qc8+ Qf8 24. Qxb7 h6 25. Qxa6 Qb8 26. Qc6 f5
27. Qd7 Qb6 28. Qxe6+ Kh8 29. Bb4 1-0

[Event "Mechanics' Fall TNM; 30/90, SD/30"]
[Site "San Francisco"]
[Date "2011.11.15"]
[Round "5.14"]
[White "Miller, David"]
[Black "Delmonico, Nils"]
[Result "0-1"]
[WhiteElo "1777"]
[BlackElo "1909"]
[PlyCount "62"]
[EventDate "2011.??.??"]

1. c4 c5 2. Nf3 g6 3. d4 cxd4 4. Nxd4 Bg7 5. Nc3 Nc6 6. Nc2 d6 7. Bd2 Nf6 8. e4
O-O 9. Be2 a6 10. h4 h5 11. f3 Ne5 12. Qc1 e6 13. Bg5 Qc7 14. Ne3 Bd7 15. g4 b5
16. Bxf6 Bxf6 17. g5 Bg7 18. cxb5 axb5 19. f4 b4 20. O-O bxc3 21. fxe5 Bxe5 22.
bxc3 Bxc3 23. Kh1 Rfc8 24. Rb1 d5 25. exd5 Qg3 26. Rf3 Qxh4+ 27. Kg2 Rxa2 28.
Nc2 Be5 29. Rh3 Qe4+ 30. Kf1 Rcxc2 31. Rb8+ Bxb8 0-1

[Event "Mechanics' Fall TNM; 30/90, SD/30"]
[Site "San Francisco"]
[Date "2011.12.06"]
[Round "8.15"]
[White "Miller, David"]
[Black "Donnelly, Patrick"]
[Result "0-1"]
[WhiteElo "1777"]
[BlackElo "1499"]
[PlyCount "106"]
[EventDate "2011.??.??"]

1. c4 e5 2. Nc3 Nf6 3. d3 d5 4. cxd5 Nxd5 5. g3 b6 6. Bg2 Bb7 7. Nf3 Bb4 8. Bd2
O-O 9. O-O Nxc3 10. Bxc3 Bxc3 11. bxc3 Qf6 12. Nd2 Bxg2 13. Kxg2 Qc6+ 14. f3
Nd7 15. Qc2 Nf6 16. Rac1 Ng4 17. Qb3 Ne3+ 18. Kg1 Nxf1 19. Kxf1 Qh6 20. Ke1
Qxh2 21. Nf1 Qh6 22. Rc2 Qe6 23. Qxe6 fxe6 24. Nd2 Kf7 25. Ne4 Kg6 26. c4 h5
27. a4 Kf5 28. c5 Rac8 29. Kf2 g5 30. cxb6 axb6 31. Rc1 h4 32. Rh1 Rh8 33. gxh4
gxh4 34. Ke3 h3 35. Kf2 h2 36. Ng3+ Kf6 37. Ne4+ Ke7 38. Ng3 Ra8 39. Kg2 Rxa4
40. Rc1 c5 41. Nh1 Kd6 42. Nf2 Rah4 43. Nh1 b5 44. Kf2 Rg8 45. Ra1 Ra4 46. Rc1
b4 47. Ng3 b3 48. Kg2 b2 49. Rb1 Ra1 50. Kxh2 Rxb1 51. Ne4+ Kc6 52. Nc3 Rc1 53.
Kh3 Rh1# 0-1

[Event "Mechanics' Fall TNM; 30/90, SD/30"]
[Site "San Francisco"]
[Date "2011.11.01"]
[Round "3.25"]
[White "Miller, David"]
[Black "Malvar, Melchor"]
[Result "1-0"]
[WhiteElo "1777"]
[BlackElo "1574"]
[PlyCount "131"]
[EventDate "2011.??.??"]

1. d4 g6 2. c4 c6 3. Nc3 Bg7 4. Nf3 d6 5. e4 Nf6 6. Bg5 Nbd7 7. Qd2 h6 8. Be3
Ng4 9. Bf4 e5 10. Bg3 exd4 11. Nxd4 Nb6 12. Be2 h5 13. h3 Bh6 14. f4 Nf6 15.
O-O O-O 16. Qc2 a6 17. Rae1 c5 18. Nf3 Be6 19. b3 Qc8 20. Kh2 Bd7 21. Bd3 Kg7
22. f5 Rh8 23. Bxd6 Ng4+ 24. hxg4 hxg4 25. f6+ Kg8 26. Kg1 gxf3 27. Rxf3 Bg4
28. Rg3 Qe6 29. e5 Bf4 30. Rge3 g5 31. Nd5 Nxd5 32. cxd5 Bxe3+ 33. Rxe3 Qxd5
34. Qxc5 Qxc5 35. Bxc5 b5 36. Rg3 Rh4 37. Be3 Be6 38. Rxg5+ Kh8 39. Bf2 Rg4 40.
Rh5+ Kg8 41. Bh7+ Kf8 42. Be4 Rc8 43. Rh8+ Rg8 44. Rh4 Ke8 45. Bb7 Rc1+ 46. Kh2
Rc2 47. Bb6 Rxa2 48. Rd4 Bd7 49. e6 Rh8+ 50. Kg3 fxe6 51. f7+ Ke7 52. Bc5+ Kxf7
53. Rxd7+ Kg6 54. Be4+ Kf6 55. Bd4+ e5 56. Rd6+ Ke7 57. Bxe5 Rg8+ 58. Kf4 Rf8+
59. Ke3 Rff2 60. Rd3 Ke6 61. Bc7 a5 62. Bf3 a4 63. bxa4 bxa4 64. Bd5+ Ke7 65.
Bxa2 Rxa2 66. g3 1-0

[Event "Mechanics' Fall TNM; 30/90, SD/30"]
[Site "San Francisco"]
[Date "2011.10.18"]
[Round "1.4"]
[White "Miller, David"]
[Black "Manvelyan, Hayk"]
[Result "0-1"]
[WhiteElo "1777"]
[BlackElo "2202"]
[PlyCount "78"]
[EventDate "2011.??.??"]

1. d4 Nf6 2. Nf3 d6 3. c4 Nbd7 4. Nc3 e5 5. dxe5 dxe5 6. e4 c6 7. a3 a5 8. Be2
Bc5 9. O-O O-O 10. Bg5 Qc7 11. Qc2 h6 12. Bh4 Nh5 13. Rfd1 Nf4 14. Na4 b6 15.
Nxc5 Nxc5 16. b4 Nce6 17. Bf1 c5 18. bxa5 bxa5 19. Ne1 Nd4 20. Qa2 a4 21. Nc2
Nfe2+ 22. Bxe2 Nxe2+ 23. Kf1 Nc3 24. Qb2 Nxd1 25. Rxd1 Rb8 26. Qc1 Be6 27. Ne3
Rb3 28. Nd5 Bxd5 29. cxd5 Qd6 30. f3 Qa6+ 31. Kg1 c4 32. d6 f6 33. Be1 Rd8 34.
Bf2 Rxd6 35. Rxd6 Qxd6 36. Qxc4+ Kh7 37. Bc5 Qd2 38. h3 Rc3 39. Bb4 Qe3+ 0-1

[Event "Mechanics' Fall TNM; 30/90, SD/30"]
[Site "San Francisco"]
[Date "2011.11.01"]
[Round "3.20"]
[White "Montoya, Daniel"]
[Black "Jones, James"]
[Result "0-1"]
[WhiteElo "1535"]
[BlackElo "2093"]
[Annotator "Donaldson"]
[PlyCount "46"]
[EventDate "2011.??.??"]

1. e4 c5 2. d4 cxd4 3. c3 dxc3 4. Nxc3 Nc6 5. Nf3 Qc7 6. Bc4 e6 7. O-O (7. Qe2
Nf6 8. e5 Ng4 9. Bf4 f6 10. Nd5) 7... Nf6 8. Qe2 (8. Nb5 Qb8 9. e5) 8... Ng4 9.
Rd1 Bc5 10. Be3 Nxe3 11. fxe3 a6 12. Rf1 O-O 13. Rad1 b5 14. Bd3 Qf4 15. Rfe1
Bb7 16. Kh1 Qh6 17. e5 d6 18. exd6 Bxd6 19. Ne4 Be7 20. Rc1 Rac8 21. Nfd2 Ne5
22. Bb1 f5 23. Ng3 Ng4 {in view of 24.Ngf1 Bh4.} 0-1

[Event "Mechanics' Fall TNM; 30/90, SD/30"]
[Site "San Francisco"]
[Date "2011.11.15"]
[Round "5.21"]
[White "Montoya, Daniel"]
[Black "Lacounte, Brendan"]
[Result "1-0"]
[WhiteElo "1535"]
[BlackElo "1686"]
[PlyCount "33"]
[EventDate "2011.??.??"]

1. e4 c5 2. d4 cxd4 3. c3 dxc3 4. Nxc3 e6 5. Bc4 Nc6 6. Nf3 Qc7 7. O-O (7. Qe2
$1 {(probably the most exact aiming for a quick e4-e5)} Nf6 8. e5 Ng4 9. Bf4 f6
10. Nd5) 7... Nf6 8. Nb5 $1 (8. Qe2 $2 Ng4 $1 9. Rd1 (9. h3 $4 Nd4) 9... Bc5
10. Be3 Nxe3 11. fxe3 a6 12. Rf1 O-O {and Black was already well on his way to
victory in Montoya -James Jones, 2011 Fall TNM (round 3).}) 8... Qb8 9. e5 Ng4
(9... Nxe5 10. Nxe5 Qxe5 11. Re1 Qc5 {
offers White lots of play but is a better try for Black.}) 10. Bf4 (10. Nd6+ {
has also been played here.}) 10... Ngxe5 $2 {
This is really asking for it. Black had to play} (10... a6) 11. Nxe5 Nxe5 {
Diagram #} 12. Rc1 $1 (12. Bxe6 dxe6 13. Qh5 {is also strong.}) 12... a6 (12...
f6 13. Bb3 {followed by Nc7.}) 13. Bxe6 $1 {Diagram #} axb5 14. Bxe5 Qxe5 15.
Rxc8+ Ke7 16. Qxd7+ Kf6 17. Qxf7+ 1-0

[Event "Mechanics' Fall TNM; 30/90, SD/30"]
[Site "San Francisco"]
[Date "2011.12.06"]
[Round "8.20"]
[White "Morgan, Jerry"]
[Black "Malvar, Melchor"]
[Result "0-1"]
[WhiteElo "1442"]
[BlackElo "1574"]
[PlyCount "87"]
[EventDate "2011.??.??"]

1. f4 d6 2. Nf3 g6 3. e4 Bg7 4. Be2 c6 5. O-O Nf6 6. e5 Qb6+ 7. d4 Ne4 8. Kh1
O-O 9. c3 Be6 10. Nbd2 Nxd2 11. Qxd2 Na6 12. Ng5 Nc7 13. Nxe6 Nxe6 14. f5 Nc7
15. f6 exf6 16. exf6 Bh8 17. Bc4 d5 18. Bd3 Rfe8 19. Qf2 Re6 20. Qh4 c5 21. b3
cxd4 22. Qxd4 Qxd4 23. cxd4 Bxf6 24. Bb2 Rae8 25. Rac1 Bd8 26. Bc3 Re3 27. Bb1
f5 28. Bd2 Re2 29. Bf4 Ne6 30. Be5 Bb6 31. Bd3 Rxa2 32. Bb5 Rd8 33. Bf6 Rf8 34.
Be7 Rf7 35. Rc8+ Kg7 36. Bc5 Nxd4 37. Bxb6 axb6 38. Be8 Re7 39. h4 Nxb3 40. Bb5
Rd2 41. Rb1 Nd4 42. Bf1 Kh6 43. Kg1 Ne2+ 44. Kh2 0-1

[Event "Mechanics' Fall TNM; 30/90, SD/30"]
[Site "San Francisco"]
[Date "2011.11.01"]
[Round "3.21"]
[White "Morgan, Jerry"]
[Black "Newey, Richard"]
[Result "0-1"]
[WhiteElo "1442"]
[BlackElo "1742"]
[PlyCount "80"]
[EventDate "2011.??.??"]

1. f4 Nf6 2. Nf3 e6 3. d3 Bc5 4. e4 O-O 5. Qe2 Nc6 6. Nbd2 e5 7. Nc4 exf4 8.
Bxf4 d5 9. Nce5 dxe4 10. dxe4 Nd4 11. Qc4 Nxf3+ 12. gxf3 Bb6 13. Qd3 Qe7 14.
O-O-O Be6 15. c4 Rad8 16. Qc2 Rxd1+ 17. Qxd1 Rd8 18. Qb3 Qc5 19. Be2 Nh5 20.
Bg3 Nxg3 21. hxg3 Qxe5 22. Rd1 Rxd1+ 23. Qxd1 Be3+ 24. Kb1 Qd4 25. Qa4 c6 26.
Qb4 Qd2 27. a3 Qxb4 28. axb4 Bf2 29. g4 g5 30. Kc2 Kg7 31. Kc3 Kf6 32. c5 Ke5
33. Bc4 Bxc4 34. Kxc4 Kf4 35. b5 Kxf3 36. b4 Kxg4 37. bxc6 bxc6 38. b5 cxb5+
39. Kxb5 Kf4 40. c6 Bb6 0-1

[Event "Mechanics' Fall TNM; 30/90, SD/30"]
[Site "San Francisco"]
[Date "2011.11.22"]
[Round "6.21"]
[White "Morgan, Jerry"]
[Black "Standen, Julian"]
[Result "1/2-1/2"]
[WhiteElo "1442"]
[BlackElo "1686"]
[PlyCount "94"]
[EventDate "2011.??.??"]

1. f4 d5 2. Nf3 Nf6 3. e3 Bg4 4. h3 Bxf3 5. Qxf3 Nbd7 6. g4 c6 7. d3 e5 8. g5
Ng8 9. e4 dxe4 10. Qxe4 Qe7 11. f5 Qb4+ 12. Nd2 Qxe4+ 13. dxe4 h6 14. Nb3 hxg5
15. Bxg5 Ngf6 16. Nd2 Be7 17. Be2 Nh5 18. Bxe7 Kxe7 19. Bg4 Nhf6 20. O-O-O Nc5
21. Bf3 Rad8 22. Rhg1 Rxh3 23. Rxg7 Rh4 24. Nc4 Rxd1+ 25. Kxd1 Nfd7 26. Nd2 Kf6
27. Rg8 a5 28. b3 Ke7 29. Nc4 Nxe4 30. Bxe4 Rxe4 31. Nxa5 Rd4+ 32. Ke2 Rb4 33.
Nc4 Nb6 34. Ne3 Nd5 35. c4 Nxe3 36. Kxe3 c5 37. Ke4 b5 38. Kxe5 bxc4 39. bxc4
Rxc4 40. Kd5 Ra4 41. Rg7 Ra5 42. Kc4 Kf6 43. Rg2 Ke5 44. Kb3 f6 45. a4 Ke4 46.
Rg1 Ke3 47. Rg2 Ke4 1/2-1/2

[Event "Mechanics' Fall TNM; 30/90, SD/30"]
[Site "San Francisco"]
[Date "2011.11.29"]
[Round "7.23"]
[White "Nelson, Christopher"]
[Black "Eytan, David"]
[Result "1-0"]
[WhiteElo "1537"]
[BlackElo "1531"]
[PlyCount "120"]
[EventDate "2011.??.??"]

1. d4 f5 2. Nf3 Nf6 3. c4 e6 4. Nc3 Nc6 5. Bf4 Bb4 6. e3 O-O 7. Bd3 Ne7 8. O-O
Bxc3 9. bxc3 Ng6 10. Bg5 d6 11. Qc2 Qe8 12. Bxf6 Rxf6 13. Rfe1 f4 14. exf4 Rxf4
15. Bxg6 Qxg6 16. Qxg6 hxg6 17. Ng5 Rf6 18. d5 e5 19. c5 Rf5 20. Ne4 dxc5 21.
Nxc5 b6 22. Ne4 Ba6 23. d6 c5 24. Rad1 Rd8 25. Ng3 Rf6 26. Ne4 Re6 27. h4 Bb7
28. Ng5 Rexd6 29. Rxd6 Rxd6 30. Rxe5 Rd1+ 31. Kh2 Kf8 32. Re6 Rd2 33. Kg3 Bd5
34. Rxg6 Rd3+ 35. f3 Bxa2 36. Ne4 Bd5 37. Rg4 Bxe4 38. Rxe4 Rxc3 39. Ra4 a5 40.
Rf4+ Ke7 41. Rg4 Kf6 42. h5 b5 43. Rg6+ Kf7 44. Kf4 a4 45. Ke5 a3 46. Ra6 b4
47. Ra7+ Kg8 48. Kf5 Rc2 49. g4 Re2 50. g5 Re8 51. Kg6 Re6+ 52. Kf5 Rd6 53. g6
Rf6+ 54. Ke4 Rf8 55. Kd5 Re8 56. Kc4 Kf8 57. Rf7+ Kg8 58. Ra7 Rb8 59. Kb3 Rf8
60. f4 Rxf4 {remainder illegible} 1-0

[Event "Mechanics' Fall TNM; 30/90, SD/30"]
[Site "San Francisco"]
[Date "2011.11.22"]
[Round "6.24"]
[White "Nelson, Christopher"]
[Black "Olson, David"]
[Result "1-0"]
[WhiteElo "1537"]
[BlackElo "1400"]
[PlyCount "77"]
[EventDate "2011.??.??"]

1. d4 d5 2. Nf3 Nf6 3. Bg5 h6 4. Bh4 Bf5 5. e3 g5 6. Bg3 Ne4 7. Nbd2 Nc6 8. Bd3
Bg7 9. c3 Qd7 10. Qe2 O-O 11. a4 a6 12. a5 Rae8 13. Nb3 Bg4 14. Nc5 Qc8 15.
Nxe4 e5 16. dxe5 dxe4 17. Bxe4 Nxe5 18. Qc2 Nc4 19. Nd4 c5 20. Nf5 Qe6 21. Bd3
Bxf5 22. Bxf5 Nxe3 23. fxe3 Qxe3+ 24. Kf1 Kh8 25. Re1 Qxe1+ 26. Bxe1 Re5 27.
Bg3 Re3 28. Kf2 Rfe8 29. Bd3 h5 30. Rf1 h4 31. Bc7 g4 32. Bf4 R3e7 33. Bd6 Re6
34. Bxc5 g3+ 35. hxg3 hxg3+ 36. Kxg3 Be5+ 37. Kf3 Rf6+ 38. Bf5 Rg8 39. Rh1+ 1-0

[Event "Mechanics' Fall TNM; 30/90, SD/30"]
[Site "San Francisco"]
[Date "2011.10.25"]
[Round "2.20"]
[White "Nelson, Christopher"]
[Black "Phillips, Tony"]
[Result "0-1"]
[WhiteElo "1537"]
[BlackElo "1826"]
[PlyCount "68"]
[EventDate "2011.??.??"]

1. d4 Nf6 2. Nf3 g6 3. Bg5 Bg7 4. Nbd2 O-O 5. e3 c5 6. c3 b6 7. Bd3 Bb7 8. Qe2
h6 9. Bf4 Nc6 10. e4 Nh5 11. Bg3 cxd4 12. cxd4 Nxd4 13. Nxd4 Bxd4 14. Nf3 Nxg3
15. hxg3 Bg7 16. Rd1 Rc8 17. Qe3 Qc7 18. Ke2 Qc5 19. Qd2 d5 20. Rc1 Qd6 21. e5
Qe6 22. Rce1 d4 23. Kf1 Bxf3 24. gxf3 Rc5 25. Kg2 Rxe5 26. Rxe5 Qxe5 27. Bc4
Rc8 28. Qd3 Qf5 29. Qe2 e6 30. Rc1 Qe5 31. Qd3 b5 32. f4 Qd6 33. Bxe6 Rxc1 34.
Bb3 Qc6+ 0-1